Možnosti generovania dráh na robotizovanej lakovacej linke pomocou Painting PowerPac
Monitorovaním procesov doplnok umožní zobraziť približné informácie o spotrebe farby. Naskytuje sa tiež upraviť rýchlosť a efektivitu procesu, ako aj skontrolovať čas cyklu pred začatím výroby alebo pred vykonaním zmien na lakovacej linke.
Uložené v:
| Hlavný autor: | |
|---|---|
| Médium: | Kapitola |
| Jazyk: | Slovak |
| Predmet: | |
| Tagy: |
Žiadne tagy, Buďte prvý, kto otaguje tento záznam!
|
MARC
| LEADER | 00000naa a2200000 4500 | ||
|---|---|---|---|
| 001 | 0308324 | ||
| 005 | 20250429072519.3 | ||
| 041 | 0 | |a slo | |
| 044 | |a SK | ||
| 245 | 1 | 0 | |a Možnosti generovania dráh na robotizovanej lakovacej linke pomocou Painting PowerPac |c Peter Marcinko |
| 520 | |a Monitorovaním procesov doplnok umožní zobraziť približné informácie o spotrebe farby. Naskytuje sa tiež upraviť rýchlosť a efektivitu procesu, ako aj skontrolovať čas cyklu pred začatím výroby alebo pred vykonaním zmien na lakovacej linke. | ||
| 610 | 2 | 0 | |a robotizácia |
| 610 | 2 | 0 | |a inovácie technologické |
| 610 | 2 | 0 | |a látky chemické |
| 610 | 2 | 0 | |a automatizácia |
| 610 | 2 | 0 | |a priemysel |
| 100 | 1 | |a Marcinko, Peter | |